000 00957nam a2200277Ia 4500
003 OSt
005 20220918110928.0
006 a|||||r|||| 00| 0
007 ta
008 220915b |||||||| |||| 00| 0 hin d
020 _a9789326352260 (hbk)
_c570
024 _a20,625
037 _b30, 14/03/2015, P. K. Books
_cReference Collections
040 _aARTS
_cARTS
_bhin
041 _2hin
_ahin
082 _aO152,1N11x, Q1;Q4.10(RR)
100 _aअज्ञेय
245 0 _aअज्ञेय रचनावली
246 _aAjnyeya rachanāvalī
260 _aनई दिल्ली
_bभारतीय ज्ञानपीठ भारत
_c2014
300 _a439पृ0
490 _vखंड 10
650 _aहिन्दी साहित्य
942 _hO152,1N11x, Q1;Q4.10(RR)
_cREF
999 _c115812
_d115812